| 000 | 00633nam a22001817a 4500 | ||
|---|---|---|---|
| 020 | _qHard Cover. | ||
| 082 | _a302.2 | ||
| 100 | _aAhmereen, Aroona | ||
| 245 |
_aStylistic Analysis of Pakistani Television Advertisements / _cAroona Ahmereen, Kanza Zafar, Mehwish Aziz and Munaza Ahmad. |
||
| 260 |
_aIslamabad: _bS3H - NUST, _c2019. |
||
| 300 |
_a111 p. : _bill. ; _c30cm. |
||
| 563 | _aHB | ||
| 650 |
_aMass Communication BS-Project. _927857 |
||
| 700 |
_aDr. Hammad Mushtaq _927871 |
||
| 856 | _u http://10.250.8.41:8080/xmlui/handle/123456789/3457 | ||
| 942 |
_2ddc _cPR |
||
| 999 |
_c533853 _d533853 |
||